| 000 | 00395nam a2200157Ia 4500 | ||
|---|---|---|---|
| 008 | 230719s9999 xx 000 0 und d | ||
| 041 | _aeng | ||
| 082 |
_a621.382 _bKEN |
||
| 100 |
_aKennedy G. _9111726 |
||
| 245 | _aElectronic Communication Systems | ||
| 250 | _a4th ed. | ||
| 260 | _bTata Mc-graw Hill | ||
| 300 | _a763 | ||
| 365 |
_cRs. _b88.00 |
||
| 700 |
_aKennedy G. & Davis B. _9186688 |
||
| 999 |
_c353981 _d353981 |
||